Faculty of Law Library — Cairo University

Official Online Catalog

Cours élémentaire de droit pénal géneral / (Record no. 52064)

MARC details
000 -LEADER
fixed length control field 00984nac a2200289 i 4500
003 - CONTROL NUMBER IDENTIFIER
control field EG-GICUC
005 - DATE AND TIME OF LATEST TRANSACTION
control field 20260121101530.0
008 - FIXED-LENGTH DATA ELEMENTS--GENERAL INFORMATION
fixed length control field 251221b19-- ua ||||fr|||| 00| 0 fre d
040 ## - CATALOGING SOURCE
Original cataloging agency EG-GiCUC
Language of cataloging eng
Transcribing agency EG-GiCUC
Modifying agency EG-GiCUC
Description conventions rda
082 04 - DEWEY DECIMAL CLASSIFICATION NUMBER
Edition number 21
Classification number 343
092 04 - LOCALLY ASSIGNED DEWEY CALL NUMBER (OCLC)
Edition number 21
099 ## - LOCAL FREE-TEXT CALL NUMBER (OCLC)
Classification number Law 10 [19--]
100 1# - MAIN ENTRY--PERSONAL NAME
Personal name Belal, Ahmed Awad.
245 10 - TITLE STATEMENT
Title Cours élémentaire de droit pénal géneral /
Statement of responsibility, etc. préparé par Dr. Ahmed Awad Belal.
246 1# - VARYING FORM OF TITLE
Title proper/short title دروس أولية فى القسم العام من قانون العقوبات
264 ## - PRODUCTION, PUBLICATION, DISTRIBUTION, MANUFACTURE, AND COPYRIGHT NOTICE
Place of production, publication, distribution, manufacture Cairo :
Name of producer, publisher, distributor, manufacturer Dar El Nahda El Arabia,
Date of production, publication, distribution, manufacture, or copyright notice [19--].
300 ## - PHYSICAL DESCRIPTION
Extent 101 pages ;
Dimensions 25 cm
336 ## - CONTENT TYPE
Source rda content
Content type term text
337 ## - MEDIA TYPE
Source rda media
Media type term Computer
338 ## - CARRIER TYPE
Source rda carrier
Carrier type term Online Resource
500 ## - GENERAL NOTE
General note (avec la traduction en Arabe) مع الترجمة العربية
504 ## - BIBLIOGRAPHY, ETC. NOTE
Bibliography, etc. note \
650 10 - SUBJECT ADDED ENTRY--TOPICAL TERM
Topical term or geographic name entry element Criminal law
Geographic subdivision Egypt
856 40 - ELECTRONIC LOCATION AND ACCESS
Uniform Resource Identifier <a href="https://fll.law.cu.edu.eg/fulltext/bks/ENGB10-00065.pdf">https://fll.law.cu.edu.eg/fulltext/bks/ENGB10-00065.pdf</a>
905 ## - Cataloger and Reviser Names
Cataloger Name: Hend El khosy
942 ## - ADDED ENTRY ELEMENTS (KOHA)
Source of classification or shelving scheme Dewey Decimal Classification
Koha item type Books
Edition 21
Suppress in OPAC No
Holdings
Withdrawn status Lost status Source of classification or shelving scheme Damaged status Not for loan Collection Home library Current library Date acquired Total checkouts Full call number Barcode Date last seen Copy number Price effective from Koha item type Public note
    Dewey Decimal Classification     القانون الجنائي جــــامعة القــاهرة مكتبة كلية الحقوق - المبنى الرئيسي 21.12.2025   Law1 T B 10 343 BE . C [19--] 1000065 C3 ENGB10-00065 21.12.2025 3 21.12.2025 Books 1468
    Dewey Decimal Classification     القانون الجنائي جــــامعة القــاهرة مكتبة كلية الحقوق - فـرع الشيخ زايد 21.12.2025   Law2 T B 10 343 BE . C [19--] 1000064 C2 ENGB10-00064 21.12.2025 2 21.12.2025 Books 1467
    Dewey Decimal Classification     القانون الجنائي جــــامعة القــاهرة مكتبة كلية الحقوق - فـرع الشيخ زايد 21.12.2025   Law2 T B 10 343 BE . C [19--] 1000063 C1 ENGB10-00063 21.12.2025 1 21.12.2025 Books 1466

© All rights reserved — Faculty of Law, Cairo University